Concepto y justificación de la desobediencia civil

Saved in:
Bibliografiske detaljer
Hovedforfatter: Malem Seña, Jorge Francisco (autor)
Format: Bog
Sprog:spansk
Udgivet: Barcelona Ariel 1988
Serier:Ariel Derecho
Fag:
Tags: Tilføj Tag
Ingen Tags, Vær først til at tagge denne postø!

MARC

LEADER 00000nam a2200000 a 4500
001 UCV0863
003 CL-VaPUC
008 890608e19880000SP |||||||||||||||||spa|d
082 0 4 |a 340.115  |b MAL  |2 21 
100 |a Malem Seña, Jorge Francisco  |e autor  |9 295201 
245 1 0 |a Concepto y justificación de la desobediencia civil 
300 |a 238 p 
942 |c BK 
945 |d 19890608 00:00:00 
260 |a Barcelona  |b Ariel  |c 1988 
650 7 |a RESISTENCIA CIVIL  |2 CL-VaPUC  |9 255669 
583 |a last modification  |c 19890608 00:00:00  |k Rodrigo Vera 
490 0 |a Ariel Derecho 
999 |c 209055  |d 209053 
952 |0 0  |1 0  |4 0  |6 340_115000000000000_MAL_1988  |7 0  |8 DER_TF  |9 184176  |a BIBDER  |b BIBDER  |d 2019-11-14  |i 2513315  |l 1  |o 340.115 MAL 1988  |p 2513315  |r 2023-01-25  |s 2022-01-18  |w 2019-11-14  |x Ubicación 4to Piso  |y BK_X  |z Estos recursos deben solicitarse con anticipación  |k DER